Population and the World Bank : Adapting to change

Shranjeno v:
Bibliografske podrobnosti
Glavni avtor: World Bank
Format: Knjiga
Jezik:Undetermined
Izdano: Washington, D. C. The World Bank 2000
Teme:
Oznake: Označite
Brez oznak, prvi označite!
Thư viện lưu trữ: Trung tâm Học liệu Trường Đại học Cần Thơ
LEADER 00523nam a2200193Ia 4500
001 CTU_62898
008 210402s9999 xx 000 0 und d
082 |a 363.9 
082 |b W927 
100 |a World Bank 
245 0 |a Population and the World Bank : 
245 0 |b Adapting to change 
245 0 |c World Bank 
260 |a Washington, D. C. 
260 |b The World Bank 
260 |c 2000 
650 |a Socials problems 
904 |i Minh (Nguyên sửa) 
980 |a Trung tâm Học liệu Trường Đại học Cần Thơ